000 00708nam a2200289Ia 4500
005 20260324123642.0
008 008 260324s9999 xx 000 0 eng d
020 _a9780429478420
037 _aEBOOK
040 _aCRL
040 _beng
040 _cCRL
041 _2eng
041 _aeng
084 _qCRL
100 _aDel Loewenthal
_91147297
245 0 _aPost-existentialism and the Psychological Therapies
245 0 _bTowards a Therapy without Foundations
260 _bTaylor and Francis
260 _c2011
365 _a
365 _b180
856 _uhttp://www.taylorfrancis.com/books/9780429478420
942 _cEBOOK
999 _c1764838
_d1764838